Normal view MARC view

Entry Topical Term

Number of records used in: 1

001 - CONTROL NUMBER

  • control field: 29851

003 - CONTROL NUMBER IDENTIFIER

  • control field: OSt

005 - DATE AND TIME OF LATEST TRANSACTION

  • control field: 20220215115911.0

008 - FIXED-LENGTH DATA ELEMENTS

  • fixed length control field: 220215|| aca||aabn | a|a d

040 ## - CATALOGING SOURCE

  • Original cataloging agency: OSt
  • Transcribing agency: OSt

150 ## - HEADING--TOPICAL TERM

  • Topical term or geographic name entry element: People, Constitution, Franchise, Election, Politics

670 ## - SOURCE DATA FOUND

  • Source citation: Work cat.: (OSt): Singh, Mayengbam Nandakishwor 29850, Election commission, electoral democracy and constitutionalization of elections in India

Powered by Koha